000
00239nam a2200097Ia 4500
082
_a
EF BEVE
245
0
_a
Bees
100
_a
Dawson, Robert, , 1944- Oxford, 2009
_9
82816
942
_c
BK
008
210817s9999 xx 000 0 und d
999
_c
300397
_d
300396